Logo BPK

Biblioteka

Politechniki Koszalińskiej

Pożary mostów / (Rekord nr 39389)

Szczegóły MARC
000 -ETYKIETA REKORDU
podpole kontrolne o stałej długości 00834nam a2200229 i 4500
001 - NUMER KONTROLNY REKORDU
pole kontrolne bg
040 ## - ŹRÓDŁO KATALOGOWANIA
Instytucja, która utworzyła rekord BPK
041 0# - KOD JĘZYKA
Kod języka tekstu pl
080 ## - UNIWERSALNA KLASYFIKACJA DZIESIĘTNA - UKD
UKD 624.2/.8.004.4:614.84
008 - POLE O STAŁEJ DŁUGOŚCI - DANE KONTROLNE
podpole kontrolne o stałej długości s pl f |000 0 pol
100 1# - NAZWA OSOBOWA
Nazwa osobowa ZOBEL, Henryk
245 00 - TYTUŁ/ODPOWIEDZIALNOŚĆ
Tytuł Pożary mostów /
Pozostałe elementy strefy tytułu i oznaczenia odpowiedzialności [aut. oprac. Henryk Zobel, Agnieszka Golubińska].
260 ## - STREFA ADRESU WYDAWNICZEGO
Miejsce wydania Warszawa :
Nazwa wydawcy/dystrybutora IBDiM. Branżowy Ośrodek Informacji Naukowej Technicznej i Ekonomicznej Drogownictwa,
Data publikacji, dystrybucji/powstania dokumentu 2000.
300 ## - STREFA OPISU FIZYCZNEGO
Objętość 73 s. :
Inne cechy fizyczne fot., wykr. ;
Rozmiary 24 cm.
490 1# - STREFA SERII I DOKUMENTU WIELOCZĘŚCIOWEGO - FORMA NIE DO WYSZUKIWANIA
Tytuł i oznaczenie odpowiedzialności serii Studia i Materiały / Instytut Badawczy Dróg i Mostów,
ISSN 0239-8575 ;
Numeracja w obrębie serii z. 52
504 ## - UWAGA DOTYCZĄCA BIBLIOGRAFII
Informacje o bibliografii Bibliogr. s. 71-73.
650 #9 - HASŁO PRZEDMIOTOWE W FORMIE NAZWY OGÓLNEJ LUB JEDNOSTKOWEJ
Nazwa ogólna lub geograficzna Pożarnictwo
Określnik ogólny zagadnienia
650 #9 - HASŁO PRZEDMIOTOWE W FORMIE NAZWY OGÓLNEJ LUB JEDNOSTKOWEJ
Nazwa ogólna lub geograficzna Mosty
Określnik ogólny bezpieczeństwo
700 1# - HASŁO DODATKOWE - NAZWA OSOBOWA
Nazwa osobowa GOLUBIŃSKA, Agnieszka
830 #0 - HASŁO DODATKOWE SERII LUB DOKUMENTU WIELOCZĘŚCIOWEGO - TYTUŁ UJEDNOLICONY
Tytuł ujednolicony Studia i Materiały (Instytut Badawczy Dróg i Mostów) ;
Oznaczenie tomu z. 52
856 ## - LOKALIZACJA I DOSTĘP DO ELEKTRONICZNYCH DOKUMENTÓW ZDALNYCH
Link (URL) http://koha.tu.koszalin.pl/cgi-bin/koha/opac-detail.pl?biblionumber=39389
Tekst linku Katalog online BPK
942 ## - DODATKOWE ELEMENTY (KOHA)
Typ dokumentu Książka
Egzemplarze
Wycofany Status egzemplarza Uszkodzony Dostępność Lokalizacja stała Lokalizacja bieżąca Miejsce przechowywania Sygnatura Kod kreskowy Dział Typ dokumentu
      Tylko na miejscu Biblioteka Politechniki Koszalińskiej Biblioteka Politechniki Koszalińskiej Czytelnia BG 58652 01557206 624.2/.8 Budowa mostów Książka
© 2023 Biblioteka Politechniki Koszalińskiej :: KOHA